Countries Nominated for Oscars' International Feature - Statistics

General Stats
  • This quiz has been taken 53 times
  • The average score is 43 of 63
Answer Stats
Wins Nominations Country % Correct
0 2 China
100%
12 43 France
100%
14 33 Italy
100%
4 22 Spain
100%
0 3 India
95%
1 9 Mexico
95%
1 7 Russia
95%
1 1 South Korea
95%
3 16 Sweden
95%
1 3 United Kingdom
95%
1 6 Brazil
93%
0 1 Ireland
93%
5 18 Japan
93%
2 8 Argentina
90%
0 1 Finland
90%
3 14 Germany
90%
0 5 Greece
90%
1 7 Norway
90%
1 13 Poland
90%
0 1 Australia
88%
2 4 Austria
88%
1 7 Canada
88%
4 15 Denmark
88%
0 1 Cuba
85%
2 5 Switzerland
85%
2 3 Iran
83%
0 8 Belgium
80%
1 2 Chile
80%
0 1 Iceland
80%
3 7 Netherlands
80%
1 2 South Africa
80%
1 3 Czech Republic
78%
0 1 Peru
78%
1 3 Taiwan
75%
0 1 Colombia
73%
0 1 Vietnam
73%
2 10 Hungary
68%
0 10 Israel
68%
0 1 Romania
68%
3 9 Soviet Union
65%
0 6 Yugoslavia
63%
0 1 Latvia
60%
0 1 Estonia
58%
0 1 Georgia
53%
1 5 Algeria
50%
2 6 Czechoslovakia
50%
1 2 Bosnia and Herzegovina
48%
0 1 Cambodia
48%
0 1 Nepal
38%
0 2 Tunisia
38%
0 1 Kazakhstan
35%
0 2 Lebanon
35%
0 2 North Macedonia
35%
0 2 Palestine
33%
0 1 Bhutan
28%
0 3 Hong Kong
28%
0 1 East Germany
25%
0 1 Jordan
25%
1 1 Ivory Coast
23%
0 1 Nicaragua
23%
1 8 West Germany
20%
0 1 Puerto Rico
13%
0 1 Mauritania
10%
No matching quizzes found
Score Distribution
Percent of People with Each Score
Percentile by Number Answered
Your Score History
You have not taken this quiz